<?xml version="1.0" encoding="UTF-8"?><?xml-stylesheet type="text/xsl" href="static/style.xsl"?><OAI-PMH xmlns="http://www.openarchives.org/OAI/2.0/" xmlns:xsi="http://www.w3.org/2001/XMLSchema-instance" xsi:schemaLocation="http://www.openarchives.org/OAI/2.0/ http://www.openarchives.org/OAI/2.0/OAI-PMH.xsd"><responseDate>2026-04-28T19:25:33Z</responseDate><request verb="GetRecord" identifier="oai:uvadoc.uva.es:10324/14908" metadataPrefix="marc">https://uvadoc.uva.es/oai/request</request><GetRecord><record><header><identifier>oai:uvadoc.uva.es:10324/14908</identifier><datestamp>2021-06-29T11:36:42Z</datestamp><setSpec>com_10324_38</setSpec><setSpec>col_10324_852</setSpec></header><metadata><record xmlns="http://www.loc.gov/MARC21/slim" xmlns:doc="http://www.lyncode.com/xoai" xmlns:xsi="http://www.w3.org/2001/XMLSchema-instance" xmlns:dcterms="http://purl.org/dc/terms/" xsi:schemaLocation="http://www.loc.gov/MARC21/slim http://www.loc.gov/standards/marcxml/schema/MARC21slim.xsd">
<leader>00925njm 22002777a 4500</leader>
<datafield tag="042" ind1=" " ind2=" ">
<subfield code="a">dc</subfield>
</datafield>
<datafield tag="720" ind1=" " ind2=" ">
<subfield code="a">Gago Mencía, Ana Trinidad</subfield>
<subfield code="e">author</subfield>
</datafield>
<datafield tag="260" ind1=" " ind2=" ">
<subfield code="c">2015</subfield>
</datafield>
<datafield tag="520" ind1=" " ind2=" ">
<subfield code="a">Este Trabajo Fin de Grado se inscribe en los procesos de evaluación que tienen lugar en el aula de Lengua extranjera (Inglés) en Educación Primaria. Partiendo de las aportaciones de la literatura sobre a) el origen y la tipología de evaluación, b) diferenciaciones terminológicas y c) modelos innovadores de assessment, así como de las consideraciones curriculares de orden nacional y regional al respecto, indagamos en el portfolio como instrumento de evaluación internacionalmente reconocido. Todo ello nos permite configurar una propuesta de rúbricas de evaluación; cinco que atienden a las destrezas comunicativas y una para valorar aspectos culturales, para su posible utilización en el aula de Lenguas extranjeras. La finalidad última se sitúa en  la reflexión sobre los métodos de evaluación empleados en el aula de inglés de Educación Primaria y sobre los beneficios de la aplicación del portfolio y de las rúbricas propuestas, aportando pautas y sugerencias para su utilización.</subfield>
</datafield>
<datafield tag="024" ind2=" " ind1="8">
<subfield code="a">http://uvadoc.uva.es/handle/10324/14908</subfield>
</datafield>
<datafield ind1=" " ind2=" " tag="653">
<subfield code="a">[pendiente de asignar]</subfield>
</datafield>
<datafield tag="245" ind1="0" ind2="0">
<subfield code="a">La evaluación en el aula de inglés en Educación Primaria: una propuesta para valorar el progreso de la competencia comunicativa y cultural</subfield>
</datafield>
</record></metadata></record></GetRecord></OAI-PMH>